000 nam a22 7a 4500
999 _c10704
_d10704
008 180220b ||||| |||| 00| 0 eng d
100 _aTripathi,S.C.
_96567
245 _aLearning Science-3
260 _aNew Delhi
_bAvichal